| 000 -LEADER |
| fixed length control field |
00997cam a2200193 a 4500 |
| 020 ## - INTERNATIONAL STANDARD BOOK NUMBER |
| ISBN |
9789251071656 |
| 020 ## - INTERNATIONAL STANDARD BOOK NUMBER |
| ISBN |
9251071659 |
| 040 ## - CATALOGING SOURCE |
| Transcribing agency |
AU@ |
| 082 04 - DEWEY DECIMAL CLASSIFICATION NUMBER |
| Classification number |
630 FAO 2011 A052 Or. |
| 245 00 - TITLE STATEMENT |
| Title |
Introduction to the International Treaty on Plant Genetic Resources for Food and Agriculture. |
| 260 ## - PUBLICATION, DISTRIBUTION, ETC. (IMPRINT) |
| Place of publication |
Rome : |
| Name of publisher |
FAO, |
| Year of publication |
2011. |
| 300 ## - PHYSICAL DESCRIPTION |
| Number of Pages |
ix, 155 p. : |
| Other physical details |
col. ill., maps (some col.) ; |
| Dimensions |
30 cm. |
| 500 ## - GENERAL NOTE |
| General note |
"Introduction to the International Treaty on Plant Genetic Resources for Food and Agriculture is the first in a series of comprehensive educational modules being developed in response to the need voiced by many Contracting Parties and stakeholder groups to strengthen capacities and increase knowledge on the operation and importance of the International Treaty."--Back cover. |
| 650 #0 - SUBJECT ADDED ENTRY--TOPICAL TERM |
| Topical Term |
Sustainable agriculture. |
| 650 #0 - SUBJECT ADDED ENTRY--TOPICAL TERM |
| Topical Term |
Agricultural conservation. |
| 650 #0 - SUBJECT ADDED ENTRY--TOPICAL TERM |
| Topical Term |
Germplasm resources, Plant. |
| 710 2# - ADDED ENTRY--CORPORATE NAME |
| Corporate name or jurisdiction name as entry element |
Food and Agriculture Organization of the United Nations. |
| 942 ## - ADDED ENTRY ELEMENTS (KOHA) |
| Koha item type |
សៀវភៅភាសាអង់គ្លេស |
| 952 ## - LOCATION AND ITEM INFORMATION (KOHA) |
| Withdrawn status [LOCAL, KOHA] |
0 |